Statystyki dla Odgadnij zboża

Kliknij tutaj aby rozwiązać quiz!

Ogólne statystyki

  • Ten quiz został rozwiązany 34 razy
  • Średni wynik to 7 z 10

Statystyki odpowiedzi

Odpowiedź% Poprawnych
kukurydza
100%
pszenica
97%
żyto
97%
jęczmień
93%
owies
90%
pszenżyto
70%
proso
53%
gryka
40%
ryż
37%
sorgo
37%

Rozkład punktacji

Percentyl według liczby udzielonych odpowiedzi

Procent ludzi z każdym wynikiem

Twoja historia wyników

Nie rozwiązałeś tego quizu